000 00433nam a2200181Ia 4500
001 14513
003 GE_BSU
008 181216s||||||||xx |||||||||||||| ||und||
020 _a0694010847
040 _cGE_BSU
080 _a82-93
245 _aAnastasia. A Don Bluth/Cary Gold man Film
260 _bHarper Active
260 _c1997
300 _a96p.ill.29cm.
653 _aAnastasia. A Don Bluth/Cary Gold man Film
942 _cBK
999 _c47644
_d47644